000 00925cab a2200253 4500
001 ABS50753
008 090401t1994 xxu||||| |||| 00| 0 eng d
035 _a(Sirsi) u35950
041 _aeng
100 _aJefferies, R.L.
245 _aLease incentives and effective rents: a decapitalization model
260 _c1994
350 _a0
490 _aJournal of Property Valuation and Investment
_v12(2) 1994, 21-42(22)
520 _aReviews recent New Zealand legal cases involving CBD office building leasing incentives. Looks at the practical valuation problems of how a valuer should convert such incentive driven contract rentals into effective rentals for comparative open rental valuation purposes.
650 _aCAPITAL VALUE
650 _aINCENTIVES
650 _aINDUCEMENTS
650 _aLEASE INCENTIVES
650 _aLEASES
690 _aRATING AND VALUATION
942 _n0
948 _c04/03/1997
999 _c23489
_d23489